NBA All Time Stats Quiz - Statistics

General Stats
  • This quiz has been taken 1,480 times
    1,471 since last reset
  • The average score is 60 of 111
Answer Stats
Answer % Correct
11 LeBron James
100%
8 Kareem Abdul-Jabbar
98%
7 Michael Jordan
97%
10 Kobe Bryant
96%
8 Wilt Chamberlain
94%
3 Stephen Curry
93%
4 Jerry West
92%
10 Karl Malone
92%
5 John Stockton
91%
6 Moses Malone
91%
3 Russell Westbrook
90%
7 Shaquille O'Neal
88%
6 Hakeem Olajuwon
87%
2 Kevin Durant
85%
2 Ray Allen
85%
2 Chris Paul
84%
5 James Harden
84%
1 Bill Russell
83%
6 Dirk Nowitzki
82%
4 Magic Johnson
82%
7 Tim Duncan
81%
7 Jason Kidd
80%
5 Oscar Robertson
80%
1 Alvin Robertson
78%
2 Steve Nash
78%
3 Larry Bird
77%
4 Vince Carter
77%
1 Klay Thompson
76%
3 David Robinson
75%
3 Scottie Pippen
75%
1 David Thompson
74%
3 Reggie Miller
74%
1 Andre Miller
73%
6 Kevin Garnett
72%
3 Carmelo Anthony
69%
1 George T. Johnson
69%
2 Joe Johnson
69%
4 Allen Iverson
67%
1 Nikola Jokić
67%
2 Dikembe Mutombo
67%
2 Tony Parker
65%
7 Paul Pierce
64%
3 Damian Lillard
63%
2 Dwight Howard
63%
1 Luka Dončić
63%
2 Bob Cousy
63%
2 Dwyane Wade
63%
3 Isiah Thomas
63%
1 Juwan Howard
62%
4 Elgin Baylor
60%
4 Robert Parish
60%
4 John Havlicek
59%
3 Charles Barkley
58%
2 Patrick Ewing
58%
3 Gary Payton
57%
1 Tracy McGrady
55%
1 Giannis Antetokounmpo
54%
3 Bob Pettit
54%
1 Clyde Drexler
53%
1 Devin Booker
52%
1 Draymond Green
52%
2 Dominique Wilkins
52%
1 Kevin McHale
52%
1 Lenny Wilkens
52%
1 Ben Wallace
51%
3 Elvin Hayes
50%
2 Rajon Rondo
49%
1 Wes Unseld
47%
2 George Gervin
46%
1 Kyle Korver
46%
1 Buck Williams
45%
1 Mark Jackson
43%
1 J. R. Smith
42%
1 Mark Eaton
42%
1 Tim Hardaway
41%
1 Alex English
40%
1 Alonzo Mourning
40%
1 Rick Barry
39%
1 George Mikan
38%
1 Manute Bol
38%
2 Pete Maravich
38%
1 Chauncey Billups
35%
1 Kyle Lowry
29%
1 Nate Thurmond
28%
1 Grant Hill
27%
2 Jason Terry
26%
2 Maurice Cheeks
26%
2 Adrian Dantley
24%
1 JJ Redick
24%
1 Dolph Schayes
23%
1 Derek Harper
21%
1 Kevin Willis
20%
1 Shawn Bradley
20%
1 Shawn Marion
20%
1 Terry Porter
20%
2 Jamal Crawford
19%
1 Marcus Camby
19%
1 Tree Rollins
18%
1 Jerry Lucas
17%
1 Ben Simmons
16%
1 Tyson Chandler
16%
1 Mookie Blaylock
15%
1 Rod Strickland
15%
1 Walt Bellamy
15%
1 Charles Oakley
12%
1 Fat Lever
12%
1 Larry Nance
9%
1 James Edwards
7%
1 Joe Fulks
6%
1 Theo Ratliff
6%
1 Reggie Theus
4%
No matching quizzes found
Score Distribution
Percent of People with Each Score
Percentile by Number Answered
Your Score History
You have not taken this quiz since the last reset